000 00332nam a22001457a 4500
008 230912b ||||| |||| 00| 0 eng d
020 _a9780521644235
041 _aeng
080 _a521
082 _a521LUN
100 _a19
101 _aASTRO
245 _aEARTH EVOLUTION OF A HABITABLE WORLD
_cLUNINE ,I,J
942 _2udc
_cBK
999 _c60340
_d60340